000
00320nam a22001337a 4500
008
171020b xxu||||| |||| 00| 0 eng d
020
_a
9780205453504
041
_a
eng
080
_2
6TH
_a
338
100
_a
54
101
_a
MEN
245
_a
FUNDAMENTALS OF ORGANIZATIONAL COMMUNICATION
_c
ZALABAK,P.S
942
_2
udc
_c
BK
999
_c
35184
_d
35184